000 00431nam a22001457a 4500
005 20160712125127.0
008 160712b xxu||||| |||| 00| 0 eng d
022 _a2320-8422
245 _aSciencia
260 _aBihar
_bSafali Samagra Angika Vikash Sansthan
300 _av.
_c28 cm.
310 _aQuarterly
270 _aSarai,Bhagalpur,
_bBihar
_dIndia
_e812002
_mfaruquealibgpt@gmail.com
_k09431250795
942 _2ddc
_cSR
_s1
_mSCI
999 _c101242
_d101242